| 000 | 00636nam a2200241 a 4500 | ||
|---|---|---|---|
| 001 | nice12345678 | ||
| 003 | IN_TiNIC | ||
| 005 | 20260116013105.0 | ||
| 008 | 050524s1995 cama grp 000 0 eng | ||
| 020 |
_a0521557 _c838.7 |
||
| 082 | 0 | 0 |
_a305.4095694 _bMOO |
| 100 | _aMoors, Annelies | ||
| 245 |
_aWomen, Poverty and Islam _b Palestine Experiences 1920-1990 |
||
| 260 |
_aCambridge _bCambridge University Press _c1995 |
||
| 300 | _a274p | ||
| 500 | _aincludes index and biblioraphy | ||
| 505 | 2 | _a7 | |
| 650 | _aWomen-Palestenian | ||
| 700 | 1 | _aMoors, Annelies | |
| 902 | _bSRS | ||
| 942 | _cBK | ||
| 999 |
_c9616 _d9616 |
||